[Event "ICS rated blitz match"]
[Site "207.99.83.227"]
[Date "1999.03.31"]
[Round "?"]
[White "Hossa"]
[Black "SKIPPER"]
[Result "1/2-1/2"]
[WhiteElo "2476"]
[BlackElo "2201"]
[PlyCount "187"]

1. e4 e6 2. d4 d5 3. Nd2 Nf6 4. e5 Nfd7 5. Ngf3 Be7 6. Bd3 c5 7. c3 c4 8. Bc2
b5 9. a4 b4 10. O-O Bb7 11. Bb1 b3 12. Re1 a5 13. Rf1 Nb6 14. Ne1 Bc6 15. Qg4
Kf8 16. f4 g6 17. Qe2 Qd7 18. Ndf3 h6 19. Qf2 Bxa4 20. Qg3 Qe8 21. Qh3 Kg7 22.
Qg4 Bd7 23. h4 h5 24. Qg3 Nc6 25. Ng5 Bxg5 26. fxg5 Ne7 27. Be3 Nf5 28. Bxf5
exf5 29. Nf3 Be6 30. Ra3 a4 31. Kh1 Ra5 32. Ng1 Qc6 33. Qf3 Nc8 34. Ne2 Na7 35.
Raa1 Nb5 36. Rab1 a3 37. bxa3 Nxa3 38. Rb2 Nb5 39. Bf2 Qa6 40. Be3 Ra1 41. Bc1
Qa5 42. Kh2 Ra2 43. Qe3 Qa3 44. Qd2 Ra8 45. Rxa2 Qxa2 46. Bb2 Qa6 47. Qf4 Qb6
48. Qf2 Ra2 49. Nc1 Ra4 50. Kh1 Qa5 51. Qg3 Na3 52. Qh2 Nb1 53. Nxb3 Qb5 54.
Nc5 Nd2 55. Nxa4 Nxf1 56. Qf4 Ng3+ 57. Qxg3 Qxa4 58. Qe1 Qc2 59. Ba3 f4 60. Bc1
f3 61. gxf3 Bh3 62. Bd2 Qd3 63. Be3 Qc2 64. Qd2 Qxd2 65. Bxd2 Bf5 66. Bc1 Kf8
67. Ba3+ Ke8 68. Kg2 Kd7 69. Bf8 Kc6 70. Be7 Kb5 71. Kf2 Ka4 72. Ke3 Kb3 73.
Kd2 Kb2 74. Bf6 Bh3 75. Bh8 Bg2 76. f4 Bh3 77. Bf6 Bf5 78. Be7 Kb1 79. Bb4 Kb2
80. Ke2 Kc2 81. Ke3 Kd1 82. Ba5 Ke1 83. Bc7 Be4 84. Bd6 Kf1 85. f5 Bxf5 86. Kf3
Be4+ 87. Kg3 Ke2 88. Bb4 Ke3 89. Be7 Kd3 90. Bb4 Ke3 91. Be7 Kd3 92. Bb4 Ke3
93. Be7 Kd3 94. Bb4 {Game drawn by repetition} 1/2-1/2

[Event "ICS rated blitz match"]
[Site "207.99.83.227"]
[Date "1999.03.31"]
[Round "?"]
[White "SKIPPER"]
[Black "Hossa"]
[Result "0-1"]
[WhiteElo "2212"]
[BlackElo "2465"]
[PlyCount "76"]

1. Nf3 d5 2. d4 Nf6 3. Nbd2 e6 4. Ne5 Bd6 5. f4 O-O 6. e3 c5 7. c3 Nfd7 8. Bd3
Bxe5 9. fxe5 c4 10. Bc2 Qh4+ 11. g3 Qh3 12. Nf3 f6 13. Qe2 Qg4 14. exf6 Rxf6
15. Rf1 a5 16. Bd2 a4 17. a3 Nc6 18. Qg2 Rf8 19. h3 Qh5 20. g4 Qe8 21. g5 e5
22. g6 h6 23. O-O-O e4 24. Nh4 Qe6 25. Qg3 Ne7 26. Rf7 Rxf7 27. gxf7+ Qxf7 28.
Rg1 g5 29. Ng2 Nb6 30. Bd1 Nf5 31. Qf2 Bd7 32. Nf4 Ng7 33. Qg2 gxf4 34. Bh5 Qf6
35. exf4 Kh8 36. Bg4 Nf5 37. Bxf5 Bxf5 38. Be3 38... Qf7 {SKIPPER resigns} 0-1

[Event "ICS rated blitz match"]
[Site "207.99.83.227"]
[Date "1999.03.31"]
[Round "?"]
[White "Hossa"]
[Black "SKIPPER"]
[Result "1-0"]
[WhiteElo "2471"]
[BlackElo "2206"]
[PlyCount "85"]

1. e4 e6 2. d4 d5 3. Nd2 Nf6 4. e5 Nfd7 5. Ngf3 c5 6. c3 Nc6 7. Bb5 Qb6 8. Bxc6
bxc6 9. O-O Ba6 10. Re1 Bd3 11. Nb3 c4 12. Nbd2 a5 13. b3 Qa6 14. bxc4 Bxc4 15.
Nxc4 Qxc4 16. Qc2 Nb6 17. Rb1 Qa6 18. Ng5 h6 19. Nh7 Be7 20. Re3 Nc4 21. Rg3 g6
22. Nf6+ Bxf6 23. exf6 Kd7 24. Qd3 h5 25. Bf4 Ra7 26. Re1 Nd6 27. Qxa6 Rxa6 28.
Rb1 Ra7 29. Bxd6 Kxd6 30. h4 Kc7 31. c4 dxc4 32. Rc3 Rb7 33. Rxb7+ Kxb7 34.
Rxc4 Rd8 35. f3 Rd5 36. Kf2 Rf5 37. Rc5 Rxc5 38. dxc5 Ka6 39. a4 Kb7 40. g4 Kc7
41. Ke3 Kd7 42. gxh5 gxh5 43. Kf4 {SKIPPER resigns} 1-0

[Event "ICS rated blitz match"]
[Site "207.99.83.227"]
[Date "1999.03.31"]
[Round "?"]
[White "SKIPPER"]
[Black "Hossa"]
[Result "0-1"]
[WhiteElo "2191"]
[BlackElo "2482"]
[PlyCount "50"]

1. Nf3 d5 2. d4 Nf6 3. Nbd2 e6 4. Ne5 Bd6 5. f4 O-O 6. e3 c5 7. c3 Nfd7 8. Bd3
Bxe5 9. dxe5 c4 10. Bc2 Qh4+ 11. g3 Qh3 12. Nf3 f6 13. Qe2 Na6 14. Bd2 Nac5 15.
O-O-O Qh5 16. Qg2 fxe5 17. g4 Qe8 18. Qh3 e4 19. Nd4 Nd3+ 20. Bxd3 cxd3 21. Nb5
Ne5 22. Nc7 Qa4 23. Kb1 Qc2+ 24. Ka1 Nc4 25. Bc1 25... Rb8 {SKIPPER resigns}
0-1

[Event "ICS rated blitz match"]
[Site "207.99.83.227"]
[Date "1999.03.31"]
[Round "?"]
[White "Hossa"]
[Black "SKIPPER"]
[Result "1/2-1/2"]
[WhiteElo "2487"]
[BlackElo "2186"]
[PlyCount "147"]

1. e4 e6 2. d4 d5 3. Nc3 Nf6 4. e5 Nfd7 5. Nf3 c5 6. dxc5 Nc6 7. Bb5 Nxc5 8.
Bg5 Qc7 9. Bxc6+ bxc6 10. O-O Ba6 11. Re1 Be7 12. Bxe7 Qxe7 13. Nd4 Rc8 14. b4
Nd7 15. b5 Bb7 16. bxc6 Bxc6 17. Nxc6 Rxc6 18. Nb5 O-O 19. Nxa7 Rc4 20. Rb1 Qc5
21. Nb5 Rxc2 22. Re2 Rxe2 23. Qxe2 Nb6 24. Nd6 Nc4 25. Qc2 Qd4 26. Nxc4 Qxc4
27. Qxc4 dxc4 28. Rc1 Rc8 29. a4 g5 30. Kf1 c3 31. Ke2 Rc4 32. Kd3 Rxa4 33.
Rxc3 Kg7 34. h3 Kg6 35. Rc8 Kf5 36. Rc7 Kxe5 37. Rxf7 h5 38. Rd7 Ra3+ 39. Ke2
Ra2+ 40. Ke3 Ra3+ 41. Rd3 Ra4 42. Rc3 Re4+ 43. Kf3 Kf5 44. Rc5+ e5 45. Rc8 Rf4+
46. Ke2 Re4+ 47. Kd2 Rd4+ 48. Kc3 g4 49. Rh8 Kg5 50. hxg4 hxg4 51. Rg8+ Kf5 52.
Kc2 Kf4 53. Rf8+ Ke4 54. Rb8 g3 55. fxg3 Ke3 56. Rg8 Rd2+ 57. Kc3 e4 58. g4
Rxg2 59. g5 Ke2 60. g6 e3 61. Rg7 Rg4 62. Kb2 Kf3 63. Kc2 Ke2 64. Rg8 Ke1 65.
g7 e2 66. Kc1 Rc4+ 67. Kb1 Rg4 68. Kc2 Rg3 69. Kc1 Kf2 70. Rf8+ Ke3 71. Re8+
Kd3 72. Rd8+ Ke3 73. Re8+ Kf2 74. Rf8+ {Game drawn by mutual agreement} 1/2-1/2

[Event "ICS rated blitz match"]
[Site "207.99.83.227"]
[Date "1999.04.01"]
[Round "?"]
[White "Hossa"]
[Black "WhiteHorse"]
[Result "1-0"]
[WhiteElo "2476"]
[BlackElo "2459"]
[PlyCount "79"]

1. e4 e5 2. Nf3 d6 3. d4 exd4 4. Nxd4 Nf6 5. Bb5+ c6 6. Bd3 Nbd7 7. Bf4 Nc5 8.
Nc3 Be7 9. O-O O-O 10. a3 Ncd7 11. Qe1 Ne5 12. Rd1 Qc7 13. Qe3 Be6 14. Bxe5
dxe5 15. Nxe6 fxe6 16. Bc4 Kh8 17. Bxe6 b6 18. Qh3 Bc5 19. b4 Bd6 20. Kh1 Rad8
21. Rd2 Qe7 22. Rfd1 a5 23. bxa5 bxa5 24. a4 Bb4 25. Rxd8 Rxd8 26. Rxd8+ Qxd8
27. Ne2 Qd1+ 28. Ng1 Qxc2 29. Bb3 Qc5 30. Qc8+ Qf8 31. Qxc6 Ng4 32. Nh3 Nxf2+
33. Nxf2 Qxf2 34. Qc8+ Bf8 35. h3 Qf1+ 36. Kh2 Qf4+ 37. Kg1 Qe3+ 38. Kh1 Qf4
39. Qc4 Qf1+ 40. Qxf1 {WhiteHorse resigns} 1-0

[Event "ICS rated blitz match"]
[Site "207.99.83.227"]
[Date "1999.04.01"]
[Round "?"]
[White "WhiteHorse"]
[Black "Hossa"]
[Result "1-0"]
[WhiteElo "2444"]
[BlackElo "2491"]
[Annotator "Crafty v16.6"]
[PlyCount "73"]

{annotating for player Hossa using a scoring margin of +0.10 pawns. search
time limit is 12.00} 1. d4 1... Nf6 2. c3 d5 3. e3 e6 4. Bd3 Be7 5. f4 c5 6.
Nf3 c4 ({8:-0.18} 6... c4 7. Bc2 Nc6 8. Ne5 Nxe5 9. fxe5 Nd7 10. Qh5 Bh4+ 11.
g3 $10) ({8:+0.01} 6... Nc6 7. Ne5 cxd4 8. cxd4 Nxe5 9. fxe5 Nd7 10. Qh5 Bh4+
11. g3 11... Bg5 $10) 7. Bc2 Ng4 8. Qe2 Bh4+ ({9:-0.72} 8... Bh4+ 9. Nxh4 Qxh4+
10. g3 Qh3 11. Na3 Nc6 12. Nb5 O-O 13. Nd6 13... b6 $16) ({9:-0.12} 8... Nc6 9.
Nbd2 f5 10. O-O g5 11. h3 Nh6 12. b4 gxf4 13. exf4 $10) 9. g3 Be7 10. O-O O-O (
{9:-0.72} 10... O-O 11. Ng5 Nf6 12. Nd2 Nc6 13. Ndf3 Qd6 14. Bd2 14... Bd7 $16)
({9:-0.27} 10... Nc6 11. Nbd2 Bd7 12. Ng5 Nf6 13. h3 h6 14. Ngf3 14... Bd6 $10)
11. h3 Nf6 12. Kh2 Nc6 13. g4 Bd7 14. Ne5 Bd6 ({9:-0.40} 14... Bd6 15. g5 Bxe5
16. dxe5 Ne8 17. Qh5 g6 18. Qh6 Qe7 19. Nd2 $14) ({9:+0.12} 14... Nxe5 15. dxe5
Ne8 16. g5 g6 17. h4 Ng7 18. Rd1 Nh5 19. Nd2 $10) 15. Nd2 Ne8 ({9:-0.66} 15...
Ne8 16. Nxd7 Qxd7 17. Kg1 Rd8 18. Nf3 Nf6 19. Ng5 h6 20. Nf3 $14) ({9:-0.38} 
15... Bxe5 16. fxe5 Ne8 17. Nf3 Nc7 18. e4 Ne7 19. Ng5 Ng6 20. Kg1 dxe4 21.
Qxe4 $14) 16. Rg1 Bxe5 17. fxe5 f6 18. exf6 Qxf6 19. Rg2 Qh4 20. Nf3 Qh6 21. e4
Qf6 22. Rf2 Qe7 23. e5 Nc7 24. Bg5 Qf7 25. Raf1 Kh8 26. Bb1 Qg8 27. Qc2 Rae8
28. Kg3 Rc8 29. Nh4 Rxf2 30. Rxf2 Na8 31. Rf7 Nb4 32. cxb4 h6 33. Ng6+ Kh7 34.
Ne7+ Kh8 35. Nxg8 Kxg8 36. Qg6 hxg5 37. Qxg7# 1-0

[Event "ICS rated blitz match"]
[Site "207.99.83.227"]
[Date "1999.04.01"]
[Round "?"]
[White "TDChess"]
[Black "Hossa"]
[Result "0-1"]
[WhiteElo "2481"]
[BlackElo "2473"]
[PlyCount "132"]

1. Nf3 d5 2. d4 Nf6 3. c4 e6 4. e3 Be7 5. Bd3 O-O 6. O-O dxc4 7. Bxc4 a6 8. Nc3
b5 9. Bd3 Bb7 10. a3 Nbd7 11. e4 c5 12. Be3 b4 13. axb4 cxb4 14. e5 Ng4 15. Ne4
Nxe3 16. fxe3 Rc8 17. Nfd2 Nxe5 18. Bxa6 Bxa6 19. Rxa6 Nc4 20. Nxc4 Rxc4 21.
Qb3 Rc7 22. Nf2 Qd5 23. Qxd5 exd5 24. Ra5 Rc2 25. Nd3 Rd2 26. Nf4 Rxb2 27. Nxd5
Bd6 28. e4 Re8 29. e5 Bb8 30. Ra8 Kf8 31. Nb6 Bc7 32. Ra7 Bxb6 33. Rfxf7+ Kg8
34. Rxg7+ Kh8 35. Rxh7+ Kg8 36. Rag7+ Kf8 37. Rd7 Kg8 38. Rhg7+ Kh8 39. Rgf7
Kg8 40. Rf6 Rxe5 41. h3 Re7 42. Rg6+ Kf8 43. Rf6+ Kg7 44. Rfd6 Rxd7 45. Rxd7+
Kh8 46. Rd6 Bc7 47. Rd5 Rd2 48. Rh5+ Kg8 49. Rc5 Bb6 50. Rb5 Bxd4+ 51. Kh2 Rb2
52. Rd5 Bf6 53. Rb5 Be7 54. Kg1 b3 55. Kh2 Bd6+ 56. Kg1 Kf7 57. g4 Bg3 58. Rf5+
Kg8 59. Rb5 Kg7 60. Rb7+ Kf6 61. Rb5 Ke6 62. g5 Bh4 63. g6 Kf6 64. Rb6+ Kg7 65.
Rb7+ Kxg6 66. Rb4 66... Bf6 {TDChess resigns} 0-1

[Event "ICS rated blitz match"]
[Site "207.99.83.227"]
[Date "1999.04.01"]
[Round "?"]
[White "Hossa"]
[Black "Fallen-Star"]
[Result "1-0"]
[WhiteElo "2489"]
[BlackElo "2249"]
[PlyCount "67"]

1. e4 c6 2. Nc3 d5 3. exd5 cxd5 4. Nf3 Nf6 5. Bb5+ Bd7 6. O-O g6 7. d4 Bg7 8.
Bg5 O-O 9. Qe2 Bg4 10. Qe3 Nc6 11. Bxc6 bxc6 12. Ne5 Bd7 13. b3 e6 14. Qf3 h6
15. Nxd7 hxg5 16. Nxf8 Qxf8 17. Rae1 c5 18. dxc5 Qxc5 19. Re2 Rc8 20. Na4 Qa3
21. c3 Ne4 22. c4 f5 23. cxd5 exd5 24. Qd3 d4 25. f3 Nc3 26. Nxc3 Rxc3 27. Qd2
d3 28. Re6 Qc5+ 29. Kh1 Kf7 30. Re3 Qd4 31. Rd1 g4 32. fxg4 Bh6 33. Rxd3 Rxd3
34. Qxd3 {Fallen-Star resigns} 1-0

[Event "ICS rated blitz match"]
[Site "207.99.83.227"]
[Date "1999.04.01"]
[Round "?"]
[White "WhiteHorse"]
[Black "Hossa"]
[Result "1/2-1/2"]
[WhiteElo "2462"]
[BlackElo "2510"]
[PlyCount "192"]

1. d4 Nf6 2. e3 e6 3. Bd3 Be7 4. f4 c5 5. Nf3 d5 6. c3 c4 7. Bc2 Ng4 8. O-O O-O
9. Qe2 Bd7 10. Nbd2 Nc6 11. Ne5 Nf6 12. Rf3 Rc8 13. Rh3 Kh8 14. Bxh7 Be8 15.
Bc2+ Kg8 16. Ndf3 Nxe5 17. fxe5 Ng4 18. Rg3 f5 19. exf6 Nxf6 20. Ne5 Bd6 21.
Rh3 Bxe5 22. dxe5 Ne4 23. Bxe4 dxe4 24. Bd2 Qd3 25. Qxd3 cxd3 26. Rf1 Rxf1+ 27.
Kxf1 Rc5 28. Rh4 Rxe5 29. Rf4 g5 30. Rf2 Rf5 31. g4 Rf7 32. Rxf7 Bxf7 33. Kf2
e5 34. a3 Kh7 35. Kg3 Kg6 36. Be1 Be6 37. Bd2 b5 38. h3 Bf7 39. Kf2 Bc4 40. Ke1
Bb3 41. Kf2 Kh6 42. Ke1 Bc2 43. Bc1 a5 44. Kd2 Kg7 45. b4 axb4 46. cxb4 Kf7 47.
Bb2 Ke6 48. Bc3 Bb3 49. Bb2 Ba2 50. Bc3 Kd5 51. Bb2 Kd6 52. Bc3 Bb3 53. Bb2 Be6
54. Bc3 Bd5 55. Bb2 Bf7 56. Bc3 Bc4 57. Bb2 Bb3 58. Bc3 Ba2 59. Bb2 Bc4 60. Bc3
Be6 61. Bb2 Kd5 62. Bc3 Bd7 63. Bb2 Ke6 64. Bc3 Be8 65. Bb2 Bc6 66. Bc3 Ba8 67.
Bb2 Bd5 68. Bc3 Bc6 69. Bb2 Bb7 70. Bc3 Kd5 71. Bb2 Bc6 72. Bc3 Kd6 73. Bb2 Be8
74. Bc3 Bf7 75. Bb2 Kd5 76. Bc3 Be6 77. Bb2 Bd7 78. Bc3 Bc8 79. Bb2 Ke6 80. Bc3
Bd7 81. Bb2 Be8 82. Bc3 Kd6 83. Bb2 Bg6 84. Bc3 Bh7 85. Bb2 Ke6 86. Bc3 Bg8 87.
Bb2 Bf7 88. Bc3 Kd5 89. Bb2 Bg6 90. Bc3 Bh7 91. Bb2 Kd6 92. Bc3 Bg6 93. Bb2 Ke6
94. Bc3 Kf6 95. Bb2 Bh7 96. Bc3 96... Bg6 {Game drawn by the 50 move rule}
1/2-1/2

[Event "ICS rated blitz match"]
[Site "207.99.83.227"]
[Date "1999.04.01"]
[Round "?"]
[White "Hossa"]
[Black "Bankieren"]
[Result "0-1"]
[WhiteElo "2510"]
[BlackElo "2325"]
[Annotator "Crafty v16.6"]
[PlyCount "82"]

{annotating for player Hossa using a scoring margin of +0.10 pawns. search
time limit is 12.00} 1. e4 1... c5 2. Bc4 e6 3. Nc3 Nc6 4. Nf3 g6 5. O-O ({
8:+0.25} 5. O-O 5... e5 6. Nd5 Nf6 7. d4 cxd4 8. Bg5 8... Bg7 $10) ({8:+0.44} 
5. d3 5... Bg7 6. Be3 Qb6 7. Rb1 Na5 8. O-O Nxc4 9. dxc4 Bxc3 10. bxc3 $14)
5... Bg7 6. d3 ({8:+0.35} 6. d3 6... d6 7. Bg5 f6 8. Bh4 e5 9. Nd5 9... Bg4 $14
) ({8:+0.64} 6. d4 6... Nxd4 7. Nxd4 Bxd4 8. Nb5 Be5 9. Nd6+ Ke7 10. Bg5+ Nf6
11. Nxc8+ Rxc8 12. Rb1 $14) 6... Nge7 7. Bg5 O-O 8. Bxe7 ({8:-0.59} 8. Bxe7
8... Qxe7 9. Qd2 d6 10. Rae1 Nd4 11. Nxd4 cxd4 12. Nb5 12... e5 $15) ({8:-0.01
} 8. Qd2 8... d6 9. Bh6 e5 10. Bxg7 Kxg7 11. Rae1 Kg8 12. Qh6 $10) 8... Qxe7 9.
Qd2 d6 10. Qf4 ({7:-0.83} 10. Qf4 10... Nb4 11. Bb3 e5 12. Qg5 Qxg5 13. Nxg5
13... Nc6 $17) ({7:-0.64} 10. Rae1 10... Bd7 11. a4 Nd4 12. Nxd4 Bxd4 13. Qh6
13... e5 $15) 10... Nd4 11. Nxd4 cxd4 12. Nb5 ({9:-0.75} 12. Nb5 12... Rd8 13.
Bb3 a6 14. Na3 e5 15. Qf3 Qf6 16. Qxf6 16... Bxf6 $17) ({9:-0.59} 12. Ne2 12...
a5 13. Qd2 Bd7 14. a4 Qh4 15. c3 Be5 16. Ng3 Bxg3 17. fxg3 $15) 12... Be5 13.
Qg4 ({10:-0.92} 13. Qg4 13... a6 14. Na3 b5 15. Bb3 Bg7 16. Rae1 e5 17. Qf3
17... Qh4 $17) ({10:-0.78} 13. Qh6 13... a6 14. Na3 b5 15. Bb3 Qf6 16. f4 Qg7
17. Qg5 Qf6 18. Qxf6 18... Bxf6 $17) 13... a6 14. Na3 b5 15. Bb3 Bg7 16. f4 f5
17. exf5 gxf5 18. Qh5 Kh8 19. Rae1 Rf6 20. Bd5 Rb8 21. Kh1 Bd7 22. Qh4 Qf7 23.
Bf3 Rh6 24. Qg5 Rg8 25. Nb1 Bf8 26. Qd8 Bg7 27. Qb6 Qe7 28. Qxa6 Qh4 29. h3 Qg3
30. Qb7 Bf6 31. Kg1 Rxh3 32. Bg4 Rxg4 33. Qb8+ Rg8 34. Qxg8+ Qxg8 35. Nd2 Bh4
36. Re2 Bc6 37. Ne4 fxe4 38. Rd2 Qg3 39. Rf3 exf3 40. Re2 fxe2 41. b4 e1=R# 0-1

[Event "ICS rated blitz match"]
[Site "207.99.83.227"]
[Date "1999.04.01"]
[Round "?"]
[White "Hossa"]
[Black "BRAU"]
[Result "1-0"]
[WhiteElo "2486"]
[BlackElo "2212"]
[PlyCount "93"]

1. e4 c5 2. Bc4 e6 3. Nc3 Nc6 4. Nf3 a6 5. d4 b5 6. d5 bxc4 7. dxc6 d6 8. Nd2
Nf6 9. Nxc4 Qc7 10. Bf4 e5 11. Bg5 Qxc6 12. Bxf6 gxf6 13. Nd5 Be7 14. Na5 Qa4
15. Nc7+ Kd7 16. Nxa8 Qxa5+ 17. c3 Qb5 18. Qb3 Qxb3 19. axb3 Kc6 20. O-O Bb7
21. f4 Rxa8 22. fxe5 dxe5 23. Rf5 Kb6 24. Re1 Rg8 25. Rh5 Rg7 26. Kf2 Bc8 27.
Re3 Be6 28. Rg3 Rxg3 29. Kxg3 Bxb3 30. Rxh7 Be6 31. h4 Kb5 32. h5 Kc4 33. h6 f5
34. exf5 Bxf5 35. Rxf7 Bc2 36. Rxe7 Kb3 37. Rxe5 Kxb2 38. Re2 Kxc3 39. Rxc2+
Kxc2 40. h7 a5 41. h8=Q a4 42. Qc8 a3 43. Qxc5+ Kb3 44. Qb5+ Ka2 45. Qb4 Ka1
46. Qc3+ Kb1 47. Qb3+ {BRAU resigns} 1-0

[Event "ICS rated blitz match"]
[Site "207.99.83.227"]
[Date "1999.04.01"]
[Round "?"]
[White "BRAU"]
[Black "Hossa"]
[Result "0-1"]
[WhiteElo "2207"]
[BlackElo "2491"]
[PlyCount "96"]

1. Nf3 d5 2. c4 dxc4 3. e3 b5 4. a4 c6 5. b3 cxb3 6. axb5 Bg4 7. Qxb3 Bxf3 8.
gxf3 e6 9. bxc6 Qc8 10. Bb5 Ne7 11. c7+ Nd7 12. Qc4 Nd5 13. Nc3 Qxc7 14. Nxd5
Qxc4 15. Bxc4 exd5 16. Bxd5 Rc8 17. O-O Rc5 18. Bb3 a5 19. d4 Rg5+ 20. Kh1 Bb4
21. Ba3 Bxa3 22. Rxa3 Ke7 23. f4 Rb5 24. Ba4 Rh5 25. Rc1 Rd8 26. Rc7 Kd6 27.
Rc6+ Ke7 28. Ra6 Nf6 29. Ra7+ Kf8 30. Bb3 Rd7 31. R7xa5 Rxa5 32. Rxa5 Rb7 33.
Bd5 Rb2 34. Kg2 g6 35. Ra2 Rb1 36. Bf3 Ne8 37. Ra7 Nd6 38. Bd5 Rb5 39. e4 f5
40. Rd7 Nxe4 41. Bxe4 fxe4 42. Rxh7 Rd5 43. Rh8+ Ke7 44. Kf1 Rxd4 45. Ke2 Rd3
46. Ra8 Rf3 47. Ra4 Rxf4 48. f3 48... exf3+ {BRAU resigns} 0-1

[Event "ICS rated blitz match"]
[Site "207.99.83.227"]
[Date "1999.04.01"]
[Round "?"]
[White "Hossa"]
[Black "BRAU"]
[Result "1-0"]
[WhiteElo "2496"]
[BlackElo "2202"]
[PlyCount "61"]

1. e4 e6 2. Nf3 d5 3. exd5 exd5 4. Bb5+ c6 5. Be2 Nf6 6. O-O Bd6 7. d3 O-O 8.
Bg5 Bg4 9. Nbd2 Nbd7 10. Re1 Qb6 11. Nb3 a5 12. Be3 Qc7 13. h3 Bxf3 14. Bxf3 a4
15. Nd4 a3 16. Rb1 axb2 17. Rxb2 Bh2+ 18. Kh1 Bf4 19. Nf5 Bxe3 20. Rxe3 g6 21.
Nh6+ Kg7 22. Ng4 Ra7 23. Qe1 Rfa8 24. Nxf6 Nxf6 25. Re7 Qd6 26. Kg1 Rxa2 27.
Rbxb7 Ra1 28. Rxf7+ Kg8 29. Bd1 Rc1 30. Rfe7 Raa1 31. Qe6+ {BRAU resigns} 1-0

[Event "ICS rated blitz match"]
[Site "207.99.83.227"]
[Date "1999.04.01"]
[Round "?"]
[White "BRAU"]
[Black "Hossa"]
[Result "0-1"]
[WhiteElo "2197"]
[BlackElo "2501"]
[PlyCount "28"]

1. d4 Nf6 2. c4 g6 3. Nc3 Bg7 4. e4 d6 5. f3 O-O 6. Bg5 Nc6 7. Qd2 Ne8 8. Nge2
f6 9. Be3 f5 10. d5 Ne5 11. Nd4 fxe4 12. Nxe4 c5 13. dxc6 Nxc6 14. Ng5 14...
Nxd4 {BRAU resigns} 0-1

[Event "ICS rated blitz match"]
[Site "207.99.83.227"]
[Date "1999.04.01"]
[Round "?"]
[White "Hossa"]
[Black "BRAU"]
[Result "1-0"]
[WhiteElo "2506"]
[BlackElo "2192"]
[PlyCount "177"]

1. e4 e6 2. Nf3 d5 3. exd5 exd5 4. Bb5+ c6 5. Be2 Nf6 6. O-O Bd6 7. d3 O-O 8.
Bg5 Bg4 9. Nbd2 Nbd7 10. Be3 c5 11. Re1 d4 12. Bg5 Qc7 13. Nf1 Bf4 14. Bxf6
Nxf6 15. Nxd4 cxd4 16. Bxg4 Nxg4 17. Qxg4 Rfe8 18. Qf5 g6 19. Qf6 Be5 20. Qg5
f6 21. Qd2 Bf4 22. Qb4 Be5 23. f4 Bxf4 24. Qxd4 Be5 25. Qd5+ Kg7 26. c3 Red8
27. Qf3 f5 28. d4 Bf6 29. Ne3 b5 30. Rf1 Qd6 31. Rae1 Rac8 32. a3 a5 33. Qb7+
Qd7 34. Qb6 Ra8 35. Rf3 Rdb8 36. Qc5 b4 37. Nc4 bxc3 38. bxc3 Rc8 39. Nb6 Rxc5
40. Nxd7 Rxc3 41. Nxf6 Rxf3 42. Nh5+ gxh5 43. gxf3 Rd8 44. Rd1 Kf6 45. Kf2 f4
46. a4 Rc8 47. Re1 Rc2+ 48. Re2 Rc4 49. Re4 Rxa4 50. Rxf4+ Ke7 51. Rh4 Rc4 52.
Ke3 a4 53. Rxh5 a3 54. Rxh7+ Kd6 55. Ra7 Rc3+ 56. Ke4 Rb3 57. h4 Kc6 58. h5 Rb5
59. h6 Kb6 60. Rxa3 Rh5 61. f4 Rxh6 62. f5 Kc7 63. Ke5 Kd7 64. Ra7+ Ke8 65. f6
Rh1 66. Re7+ Kf8 67. Rd7 Re1+ 68. Kf5 Rf1+ 69. Ke6 Re1+ 70. Kd5 Rf1 71. f7 Rc1
72. Ke6 Re1+ 73. Kd6 Rd1 74. d5 Rd2 75. Ke5 Re2+ 76. Kd4 Rd2+ 77. Ke3 Rd1 78.
d6 Rd5 79. Ke4 Rd1 80. Ke5 Re1+ 81. Kd5 Rd1+ 82. Kc6 Rc1+ 83. Kb6 Rb1+ 84. Kc7
Ra1 85. Kc8 Ra8+ 86. Kb7 Ra1 87. Rc7 Rd1 88. d7 Kg7 89. f8=Q+ {BRAU resigns}
1-0

[Event "ICS rated blitz match"]
[Site "207.99.83.227"]
[Date "1999.04.01"]
[Round "?"]
[White "BRAU"]
[Black "Hossa"]
[Result "0-1"]
[WhiteElo "2187"]
[BlackElo "2511"]
[PlyCount "84"]

1. Nf3 d5 2. g3 e6 3. Bg2 Bb4 4. O-O Nf6 5. d3 O-O 6. c3 Be7 7. Nbd2 Bd7 8. e4
dxe4 9. dxe4 Nc6 10. e5 Ng4 11. Qe2 f6 12. exf6 Rxf6 13. Nc4 Rg6 14. h3 b5 15.
Nce5 Ncxe5 16. Nxe5 Nxe5 17. Qxe5 c6 18. Bf4 Bg5 19. Rad1 Bxf4 20. Qxf4 Qc8 21.
Kh2 Rf6 22. Qd6 Rf7 23. f4 Qa6 24. a3 Raf8 25. Rfe1 Qb6 26. Re2 Qb7 27. Red2
Qc8 28. Qc5 Qc7 29. Rd6 Rd8 30. Bxc6 Rc8 31. Bxd7 Qxc5 32. Bxc8 Qf2+ 33. Kh1
Re7 34. R6d3 Qxb2 35. Bb7 Rxb7 36. Rd8+ Kf7 37. R8d3 a5 38. R1d2 Qxa3 39. Kg2
Qb3 40. h4 Rc7 41. h5 Rxc3 42. Rd7+ 42... Kf6 {BRAU resigns} 0-1

[Event "ICS rated blitz match"]
[Site "207.99.83.227"]
[Date "1999.04.01"]
[Round "?"]
[White "Hossa"]
[Black "BRAU"]
[Result "1-0"]
[WhiteElo "2515"]
[BlackElo "2183"]
[PlyCount "45"]

1. e4 c5 2. Bc4 e6 3. Nc3 a6 4. a4 Nc6 5. Nf3 Nf6 6. O-O d6 7. d4 cxd4 8. Nxd4
Be7 9. Bg5 O-O 10. Rc1 Nxe4 11. Nxc6 bxc6 12. Nxe4 Bxg5 13. Nxg5 Qxg5 14. Qxd6
c5 15. Qc7 h5 16. Rce1 h4 17. Re5 Qg4 18. Qxc5 Bb7 19. Rg5 Qe4 20. Bd3 Qf4 21.
Qe5 Qxe5 22. Rxe5 Bd5 23. Rh5 {BRAU resigns} 1-0

[Event "ICS Rated blitz match"]
[Site "207.99.83.227"]
[Date "1999.04.01"]
[Round "?"]
[White "BRAU"]
[Black "Hossa"]
[Result "0-1"]
[WhiteElo "2179"]
[BlackElo "2519"]
[PlyCount "68"]

1. Nf3 d5 2. c4 dxc4 3. e3 b5 4. a4 c6 5. b3 cxb3 6. axb5 Bg4 7. Qxb3 Bxf3 8.
gxf3 e6 9. bxc6 Qc8 10. Bb5 Ne7 11. c7+ Nd7 12. Qc4 Nd5 13. Bc6 Qxc7 14. Bxd5
Rc8 15. Rxa7 Qb8 16. Qxc8+ Qxc8 17. Ra8 Nb8 18. Bc6+ Qxc6 19. Rxb8+ Kd7 20. Nc3
Kc7 21. Rb1 Qxf3 22. Rg1 Qh3 23. Nb5+ Kd8 24. Nd4 Qxh2 25. Rg5 h5 26. Ra5 Qg1+
27. Ke2 Qg4+ 28. f3 Qg6 29. Rb6 Qg2+ 30. Kd3 Qf1+ 31. Ne2 Qxf3 32. Ra7 Qf5+ 33.
e4 Qf3+ 34. Kd4 34... Qf2+ {BRAU resigns} 0-1

[Event "ICS rated blitz match"]
[Site "207.99.83.227"]
[Date "1999.04.01"]
[Round "?"]
[White "Hossa"]
[Black "BRAU"]
[Result "1-0"]
[WhiteElo "2523"]
[BlackElo "2175"]
[PlyCount "47"]

1. e4 c5 2. Bc4 e6 3. Nc3 Nc6 4. Nf3 a6 5. d4 cxd4 6. Nxd4 Nf6 7. Nxc6 dxc6 8.
Qxd8+ Kxd8 9. Bf4 Bb4 10. O-O-O+ Ke8 11. Na4 Nd7 12. Rxd7 Bxd7 13. Nb6 Ke7 14.
Nxa8 Rxa8 15. Rd1 f6 16. e5 f5 17. Be3 b5 18. Be2 Rc8 19. c3 Ba5 20. b4 Bc7 21.
f4 g5 22. Bc5+ Ke8 23. Bh5+ Kd8 24. Bf7 {BRAU resigns} 1-0

[Event "ICS rated blitz match"]
[Site "207.99.83.227"]
[Date "1999.04.01"]
[Round "?"]
[White "SABINAH"]
[Black "Hossa"]
[Result "0-1"]
[WhiteElo "2075"]
[BlackElo "2527"]
[PlyCount "31"]

1. e4 d6 2. d4 Nf6 3. Nc3 Nbd7 4. Be3 e5 5. f3 Be7 6. Nge2 O-O 7. Qd2 Nb6 8.
Ng3 exd4 9. Bxd4 d5 10. e5 Nfd7 11. Nf5 c5 12. Bf2 d4 13. Nxe7+ Qxe7 14. Nb5 a6
15. Na3 Qxe5+ 16. Kd1 {SABINAH resigns} 0-1